Every Playboi Carti Song on the Billboard Hot 100 - Statistics

General Stats
  • This quiz has been taken 408 times
    311 since last reset
  • The average score is 4 of 13
Answer Stats
# Year Song % Correct
29 2017 Magnolia
90%
46 2018 Shoota ft. Lil Uzi Vert
75%
76 2017 Wokeuplikethis* ft. Lil Uzi Vert
65%
35 2020 @ MEH
49%
82 2021 Go2DaMoon ft. Kanye West
33%
90 2021 Vamp Anthem
33%
7 2020 Pain 1993 (Drake)
20%
72 2021 Slay3r
20%
99 2021 M3tamorphosis ft. Kid Cudi
19%
92 2021 New N3on
14%
98 2018 Get Dripped (Lil Yachty)
10%
81 2019 Baguettes In The Face (DJ Mustard) ft. NAV & A Boogie Wit Da Hoodie
8%
97 2019 Same Yung Nigga (Gunna)
4%
No matching quizzes found
Score Distribution
Percent of People with Each Score
Percentile by Number Answered
Your Score History
You have not taken this quiz since the last reset